| 000 | 004220000a22001690004500 | ||
|---|---|---|---|
| 003 | LK-CoMWRAF | ||
| 008 | 230817t ||||| |||| 00| 0 eng d | ||
| 020 | _a9558938106 | ||
| 040 |
_aLK-CoMWRAF _dLK-CoMWRAF _eLK-CoMWRAF |
||
| 041 | _aeng | ||
| 245 |
_aSome of the Best Times to ask Du'a _b |
||
| 260 |
_bDar ul Kitab _aSri Lanka(Colombo) _c |
||
| 300 | _ap.28 | ||
| 650 | _aChildrens Book | ||
| 650 | _aIslam | ||
| 942 | _cBK | ||
| 999 |
_c900 _d900 |
||